000 00771pam a2200253 a 4500
008
020 _a0750628545 (hbk. )
049 _aMAIN
050 0 0 _aNA7117
_bALL
100 1 _aAllen, William.
245 1 0 _aEnvelope design for buildings /
_cWilliam Allen.
260 _aOxford :
_bArchitectural Press,
_c1997.
300 _axvi, 285 p. :
_bill., maps ;
_c29 cm.
504 _aIncludes bibliographical references.
500 _aIncludes index.
650 0 _aExterior walls
_xDesign and construction.
650 0 _aRoofs
_xDesign and construction.
650 0 _aBasements
_xDesign and construction.
907 _a.b10227684
_b26-04-12
_c26-01-07
003
005 20230120131034.0
040 _cNUST
942 _cBOOKS
999 _c95762
_d95762